000 01403nam a2200289 a 4500
003 DO-SdBNP
005 20250527113226.0
007 ta
008 220210e1963 mx ||||fr|||| 001 0 spa d
040 _aDO-SdBNP
_bspa
_cBNPHU
082 4 _222
_bG633c 1963
245 1 3 _aEl control interno en los negocios /
_cGómez Morfín, Joaquín
250 _a4ta. ed
260 _aMéxico, D. F. :
_bFondo de Cultura Económica,
_c1963
300 _a180 p. ;
_c24 cm.
500 _aIncluye apéndice, p. 159- 180
505 _aPrimera parte.
505 _aIntroducción.
_tI. Concepto del control interno.--
_tII. Bases del control interno.--
_tIII. Elementos constitutivos del control interno. / La contabilidad.--
_tIV. Elementos constitutivos del control interno. / Los presupuestos.--
_tIV. Elementos constitutivos del control interno. / El personal.--
_tVI. Necesidad de la vigilancia del control interno.
505 _aSegunda parte.
505 _aAplicación del control interno a las transacione en los negocios.
_tVII. Caja en general.--
_tVIII. Entradas a Caja.--
_tIX. Salidas a caja.--
_tX. Ventas a crédito.--
_tXI. Compras.--
_tXII. Inventarios de mercancías.--
_tApéndices.
590 _aInventariado 2022 / MF
650 0 _aAdministración industrial
_95872
650 0 _927564
_aGestión de Negocios.
650 0 _965499
_aEmpresas
_xContabilidad
_y1963
910 _aMF
942 _2ddc
_cLBS1
999 _c51411
_d51411